00989cam a22001577i 4500020002500000040000800025082002600033245002100059250001700080300005700097500014800154500008200302520040600384650002200790650001900812 a9781435156197 (hbk.) cPLJ00a577 WIL 1999 A081 Or.00aAnimal habitats. a2014 edition a256 pages :bcolor illustrations, color map ;c29 cm a"Previously published as six individual volumes: 24 HOURS Coral reef, Rain forest, Water hole, Desert, Mountain, and Arctic"--Title page verso. a"All six volumes of DK's 24 hours series, now in one incredible book"--Cover. a"In every hour of every day, there's something amazing to look out for in the wild. From Arctic ice floes to baking deserts, the natural world is full of incredible animals. Open the pages of this colorful book, and spend a day in six of the world's most fascinating environments. You'll see polar bears playing, giraffes eating breakfast, and owls setting out on their nightly hunt"--Page 4 of cover. 0aHabitat (Ecology) 0aAnimal ecology